Hacer ciencia en un mundo globalizado : (Registro nro. 1378)
[ vista simple ]
| 000 -CABECERA | |
|---|---|
| Campo de control | 00997cam a2200265 i 4500 |
| 005 - FECHA Y HORA DE LA ULTIMA TRANSACCION | |
| Campo de control | 20191224041601.0 |
| 008 - ELEMENTOS DE LONGITUD FIJA—INFORMACION GENERAL | |
| Campo de control | 001003s1998 ck ad r 000 0 spa d |
| 015 ## - NATIONAL BIBLIOGRAPHY NUMBER | |
| National bibliography number | NSS |
| 020 ## - ISBN | |
| ISBN | 9586017508 |
| 040 ## - FUENTE DE CATALOGACIÓN | |
| Agencia catalogadora original | CO-BoPUJ |
| Agencia transcriptora | CO-BoIAVH |
| 041 0# - IDIOMA | |
| Código de idioma para texto/pista de sonido o título separado | Español |
| 043 ## - GEOGRAPHIC AREA CODE | |
| Geographic area code | s-ck--- |
| 082 04 - NUMERO DE CLASIFICACION DECIMAL DEWEY | |
| Número de clasificación | 301 |
| Número del ítem | H11h |
| 245 00 - MENCION DE TITULO | |
| Título | Hacer ciencia en un mundo globalizado : |
| Parte restante del título | la diáspora científica colombiana en perspectiva / |
| Mención de responsabilidad | coordinadores Jorge Charum y Jean - Baptiste Meyer |
| 260 ## - PUBLICACION, DISTRIBUCION, ETC. (PIE DE IMPRENTA) | |
| Lugar de publicación, distribución, etc. | Bogotá : |
| Nombre del editor, distribuidor, etc. | Tercer Mundo, |
| Fecha de publicación, distribución, etc. | 1998. |
| 300 ## - DESCRIPCION FISICA | |
| Extensión | xxxvi, 211 p. ; |
| Otros detalles físicos | ilustraciones y cuadros |
| 504 ## - NOTA DE BIBLIOGRAFIA, ETC. | |
| Nota de bibliografía | Incluye referencias bibliográficas. |
| 650 14 - ASIENTO SECUNDARIO DE MATERIA - TERMINO TEMATICO | |
| Término temático o nombre geográfico como elemento de entrada | Redes de computadores |
| Subdivisión general | Aspectos sociales |
| Subdivisión geográfica | colombia |
| 9 (RLIN) | 54198 |
| 650 24 - ASIENTO SECUNDARIO DE MATERIA - TERMINO TEMATICO | |
| Término temático o nombre geográfico como elemento de entrada | Sistemas de información |
| Subdivisión geográfica | colombia |
| 9 (RLIN) | 54199 |
| 700 1# - ASIENTO SECUNDARIO - NOMBRE PERSONAL | |
| Nombre personal | Charum Díaz, Jorge |
| Término de relación | Coordinador |
| 9 (RLIN) | 54200 |
| 700 1# - ASIENTO SECUNDARIO - NOMBRE PERSONAL | |
| Nombre personal | Meyer, Jean - Baptiste |
| Término de relación | Coordinador |
| 9 (RLIN) | 54201 |
| 710 2# - ASIENTO SECUNDARIO - NOMBRE CORPORATIVO | |
| Nombre corporativo o de jurisdicción como elemento de entrada | Universidad Nacional de Colombia. |
| Unidad subordinada | Facultad de Ciencias |
| 9 (RLIN) | 7115 |
| 710 2# - ASIENTO SECUNDARIO - NOMBRE CORPORATIVO | |
| Nombre corporativo o de jurisdicción como elemento de entrada | COLCIENCIAS |
| 9 (RLIN) | 10710 |
| 942 ## - ELEMENTOS ADICIONALES (KOHA) | |
| Sistema de clasificación | Dewey Decimal Classification |
| Tipo de ítem | Libro |
| Withdrawn status | Lost status | Sistema de Clasificación | Damaged status | No para préstamo | Colección | Inventariado | Ubicación Permanente | Ubicación actual | Fecha de adquisición | Valor | Total Checkouts | Número topográfico | Inventario / Código de Barras | Date last seen | Ejemplar | Price effective from | Forma de adquisición | Tipo de material |
|---|---|---|---|---|---|---|---|---|---|---|---|---|---|---|---|---|---|---|
| Dewey Decimal Classification | General | Inventariado 2017 | Bogotá | Bogotá | 16/07/1999 | 39000.00 | LB-301 H11h | 001917 | 04/12/2012 | Ej. 1 | 04/12/2012 | Libro |